Central Library OPAC University of Rajshahi

The United Nations : (Record no. 19707)

MARC details
000 -LEADER
fixed length control field 00785nam a22002651 4500
001 - CONTROL NUMBER
control field 19707
003 - CONTROL NUMBER IDENTIFIER
rucl marc code BD-RjUL
005 - DATE AND TIME OF LATEST TRANSACTION
control field 20211209000451.0
008 - FIXED-LENGTH DATA ELEMENTS--GENERAL INFORMATION
fixed length control field 140225s1968 enkf b 000 1 eng
020 ## - INTERNATIONAL STANDARD BOOK NUMBER
International Standard Book Number 0090857909
035 ## - SYSTEM CONTROL NUMBER
System control number (BD-RjUL)19768
040 ## - CATALOGING SOURCE
Original cataloging agency DLC
Transcribing agency DLC
Modifying agency BD-RjUL
Language of cataloging eng
041 ## - LANGUAGE CODE
Language code of text/sound track or separate title eng
082 00 - DEWEY DECIMAL CLASSIFICATION NUMBER
Classification number 341.13
Author mark and year OBU 1968
100 1# - MAIN ENTRY--PERSONAL NAME
Personal name O'Brien, Conor Cruise
Dates associated with a name 1917-2008.
9 (RLIN) 60547
245 14 - TITLE STATEMENT
Title The United Nations :
Statement of responsibility, etc. Conor Cruise O'Brien, Feliks Topolski.
Remainder of title sacred drama /
260 ## - PUBLICATION, DISTRIBUTION, ETC. (IMPRINT)
Place of publication, distribution, etc. London :
Name of publisher, distributor, etc. Hutchinson,
Date of publication, distribution, etc. c1968.
300 ## - PHYSICAL DESCRIPTION
Pagination 320 p. :
Illustrations ill. ;
Size 27 cm.
504 ## - BIBLIOGRAPHY, ETC. NOTE
Bibliography, etc Includes bibliography.
610 20 - SUBJECT ADDED ENTRY--CORPORATE NAME
Corporate name or jurisdiction name as entry element United Nations
700 1# - ADDED ENTRY--PERSONAL NAME
Personal name Topolski, Feliks
Dates associated with a name 1907-1989,
Relator term ill.
942 ## - ADDED ENTRY ELEMENTS (KOHA)
Source of classification or shelving scheme Dewey Decimal Classification
Koha item type Books
Holdings
Lost status Source of classification or shelving scheme Damaged status Not for loan Collection code Permanent Location Current Location Shelving location Date acquired Source of acquisition Cost, normal purchase price Total Checkouts Full call number Date last seen Copy number Koha item type
  Dewey Decimal Classification   Not For Loan Fiction Central Library, University of Rajshahi Central Library, University of Rajshahi Reading Room 08/09/1973 Standard Pub. ltd. 78.75   341.13 OBU 1968 25/02/2014 C-1 Books